000
00184 a2200097 4500
020
_a
9780822531814
041
_a
spa
100
_a
Nelson, Robin
245
_a
Ser Responsable
942
_c
BK
999
_c
6075
_d
6075